Zenon d'Elee (Record no. 6361)

MARC details
000 -LEADER
campo de control de longitud fija 00886nam a2200265 i 4500
001 - NÚMERO DE CONTROL
campo de control 6361
003 - IDENTIFICADOR DE NÚMERO DE CONTROL
campo de control ES-MaACL
005 - FECHA Y HORA DE LA ÚLTIMA TRANSACCIÓN
campo de control 20230906144909.0
007 - CAMPO FIJO DE DESCRIPCIÓN FÍSICA--INFORMACIÓN GENERAL
campo de control de longitud fija t|
008 - DATOS DE LONGITUD FIJA--INFORMACIÓN GENERAL
campo de control de longitud fija 890926s1982 fr ||||0| fre d
020 ## - NÚMERO INTERNACIONAL ESTÁNDAR DEL LIBRO
Número Internacional Estándar del Libro 2-7116-2048-4
080 ## - NÚMERO DE LA CLASIFICACIÓN DECIMAL UNIVERSAL
Número de la Clasificación Decimal Universal 141.111
080 ## - NÚMERO DE LA CLASIFICACIÓN DECIMAL UNIVERSAL
Número de la Clasificación Decimal Universal 1 Zenon de Elea
100 1# - ENTRADA PRINCIPAL--NOMBRE DE PERSONA
Nombre de persona Caveing, Maurice.
9 (RLIN) 37176
245 10 - MENCIÓN DEL TÍTULO
Título Zenon d'Elee
Resto del título : prolegomenes aux doctrines du continu : etude historique et critique des Fragments et Temoignages /
Mención de responsabilidad, etc. Maurice Caveing.
260 ## - PUBLICACIÓN, DISTRIBUCIÓN, ETC.
Lugar de publicación, distribución, etc. Paris :
Nombre del editor, distribuidor, etc. Vrin,
Fecha de publicación, distribución, etc. 1982.
300 ## - DESCRIPCIÓN FÍSICA
Extensión 242 p. ;
Dimensiones 25 cm.
490 1# - MENCIÓN DE SERIE
Mención de serie Histoire des doctrines de l'Antiquite classique ;
Designación de volumen o secuencia 7
504 ## - NOTA DE BIBLIOGRAFÍA, ETC.
Nota de bibliografía, etc. Bibliogr.: p. 225-232.
600 14 - PUNTO DE ACCESO ADICIONAL DE MATERIA--NOMBRE DE PERSONA
Nombre de persona Zenón de Elea.
9 (RLIN) 118186
650 14 - PUNTO DE ACCESO ADICIONAL DE MATERIA--TÉRMINO DE MATERIA
Término de materia o nombre geográfico como elemento de entrada Monismo.
9 (RLIN) 15169
830 0# - PUNTO DE ACCESO ADICIONAL DE SERIE-TÍTULO UNIFORME
Título uniforme Histoire des doctrines de l'Antiquite classique ;
Designación de volumen o secuencia 7
9 (RLIN) 183452
852 ## - LOCALIZACIÓN
Ubicación ES-MaACL
Número de control de estantería L-13509
Sublocalización o colección R.113785
Nota libre . - rust.
Holdings
Estatus retirado Estado de pérdida Estado de daño No para préstamo Biblioteca de origen Biblioteca actual Ubicación en estantería Fecha de adquisición Fuente de adquisición Total de préstamos Signatura topográfica completa Código de barras Visto por última vez Precio de reemplazo Tipo de ítem Koha
        Biblioteca del Ateneo de Madrid Biblioteca del Ateneo de Madrid Depósito 2 17/01/2008     L-13509 1006475 23/02/2023 23/02/2023 Libro impreso